Guess the Random Country/Controversial Country by Coat of Arms - Statistics

General Stats
  • This quiz has been taken 12 times
  • The average score is 12 of 20
Answer Stats
Picture Answer % Correct
Albania
100%
Andorra
100%
Australia
100%
Austria
100%
Bangladesh
100%
Belize
100%
Brunei
100%
Bulgaria
100%
Burkina Faso
100%
Cabo Verde
100%
Cambodia
100%
Cameroon
100%
Chile
100%
Croatia
100%
Dominican Republic
100%
Egypt
100%
Fiji
100%
F.S. of Micronesia
100%
Germany
100%
Guatemala
100%
Guinea-Bissau
100%
Honduras
100%
Ireland
100%
Jordan
100%
Kazakhstan
100%
Kenya
100%
Kosovo
100%
Liberia
100%
Lithuania
100%
Luxembourg
100%
Madagascar
100%
Maldives
100%
Marshall Islands
100%
Mongolia
100%
Nepal
100%
New Zealand
100%
Nicaragua
100%
Niger
100%
North Korea
100%
Palau
100%
Philippines
100%
Poland
100%
Portugal
100%
Qatar
100%
Russia
100%
Saudi Arabia
100%
Singapore
100%
South Korea
100%
South Sudan
100%
Switzerland
100%
Thailand
100%
Tunisia
100%
Turkmenistan
100%
United Kingdom
100%
United States
100%
Vanuatu
100%
Zimbabwe
100%
Botswana
67%
Morocco
67%
Samoa
67%
Trinidad and Tobago
67%
Azerbaijan
50%
Bahamas
50%
Bosnia and Herzegovina
50%
Côte d'Ivoire
50%
Estonia
50%
Ethiopia
50%
Kiribati
50%
Namibia
50%
Oman
50%
Somaliland
50%
South Africa
50%
Tajikistan
50%
Uruguay
50%
Zambia
50%
Solomon Islands
33%
Sudan
33%
Togo
33%
Abkhazia
0%
Afghanistan
0%
Algeria
0%
Angola
0%
Antigua and Barbuda
0%
Argentina
0%
Armenia
0%
Bahrain
0%
Barbados
0%
Basque Country
0%
Belarus
0%
Belgium
0%
Benin
0%
Bhutan
0%
Bolivia
0%
Brazil
0%
Burundi
0%
Canada
0%
Central African Republic
0%
Chad
0%
China
0%
Colombia
0%
Comoros
0%
Cook Islands
0%
Costa Rica
0%
Cuba
0%
Cyprus
0%
Czechia
0%
Democratic Republic of the Congo
0%
Denmark
0%
Djibouti
0%
Dominica
0%
Ecuador
0%
El Salvador
0%
Equatorial Guinea
0%
Eritrea
0%
Eswatini
0%
Finland
0%
Gabon
0%
Gambia
0%
Georgia
0%
Ghana
0%
Greece
0%
Grenada
0%
Guinea
0%
Guyana
0%
Haiti
0%
Hungary
0%
Iceland
0%
India
0%
Indonesia
0%
Iran
0%
Iraq
0%
Israel
0%
Italy
0%
Jamaica
0%
Japan
0%
Kuwait
0%
Kyrgyzstan
0%
Laos
0%
Latvia
0%
Lesotho
0%
Liechtenstein
0%
Malawi
0%
Malaysia
0%
Mali
0%
Malta
0%
Mauritania
0%
Mauritius
0%
Mexico
0%
Moldova
0%
Monaco
0%
Montenegro
0%
Mozambique
0%
Myanmar
0%
Nauru
0%
Netherlands
0%
Nigeria
0%
Niue
0%
North Macedonia
0%
Norway
0%
Pakistan
0%
Palestine
0%
Panama
0%
Papua New Guinea
0%
Paraguay
0%
Peru
0%
Republic of the Congo
0%
Romania
0%
Rwanda
0%
Sahrawi Arab Democratic Republic
0%
San Marino
0%
São Tomé and Príncipe
0%
Senegal
0%
Serbia
0%
Seychelles
0%
Sierra Leone
0%
Slovakia
0%
Slovenia
0%
Somalia
0%
South Ossetian
0%
Spain
0%
Sri Lanka
0%
St. Kitts and Nevis
0%
St. Lucia
0%
St. Vincent and the Grenadines
0%
Suriname
0%
Sweden
0%
Syria
0%
Taiwan
0%
Tanzania
0%
Timor-Leste
0%
Tonga
0%
Transnistria
0%
Turkish Republic of Northern Cyprus
0%
Tuvalu
0%
Uganda
0%
Ukraine
0%
United Arab Emirates
0%
Uzbekistan
0%
Vatican City
0%
Venezuela
0%
Vietnam
0%
Yemen
0%
No matching quizzes found
Score Distribution
Percent of People with Each Score
Percentile by Number Answered
Your Score History
You have not taken this quiz